[Event "Deutsche Ländermeisterschaft 2018"]
[Site "Würzburg GER"]
[Date "2018.10.06"]
[Round "6"]
[White "Metzdorf, Matteo"]
[Black "Weidenhöfer, Max"]
[Result "1-0"]
[Termination "normal"]
[Board "8.7"]
[WhiteElo "1806"]
[BlackElo "1580"]
[WhiteClock "00:02:02"]
[BlackClock "00:15:12"]
[WhiteTeam "Rheinland-Pfalz"]
[BlackTeam "SG Bremen / Niedersachsen"]
[PlyCount "79"]
[WhiteFideId "16209869"]
[BlackFideId "16230566"]
[EventCountry "GER"]
[EventRounds "7"]
[EventType "team-swiss"]
[EventDate "2018.10.02"]

1. e4 {[%clk 1:30:26]} c6 {[%clk 1:30:52]} 2. d4 {[%clk 1:31:20]} d5 {[%clk
1:31:16]} 3. Nc3 {[%clk 1:31:45]} dxe4 {[%clk 1:31:40]} 4. Nxe4 {[%clk
1:32:10]} Bf5 {[%clk 1:32:04]} 5. Ng3 {[%clk 1:32:33]} Bg6 {[%clk 1:32:28]} 6.
Nh3 {[%clk 1:32:56]} e6 {[%clk 1:32:37]} 7. Nf4 {[%clk 1:33:18]} Bd6 {[%clk
1:32:55]} 8. h4 {[%clk 1:33:32]} Qc7 {[%clk 1:33:02]} 9. Nxg6 hxg6 {[%clk
1:33:24]} 10. Ne4 {[%clk 1:34:03]} Be7 {[%clk 1:32:18]} 11. g3 {[%clk 1:29:27]}
Nf6 {[%clk 1:30:13]} 12. Ng5 {[%clk 1:27:29]} Nd5 {[%clk 1:27:39]} 13. c3
{[%clk 1:09:18]} Nd7 {[%clk 1:24:37]} 14. Bg2 {[%clk 1:07:04]} N7f6 {[%clk
1:23:55]} 15. O-O {[%clk 1:01:58]} O-O {[%clk 1:22:48]} 16. Re1 {[%clk
0:57:05]} Rfd8 {[%clk 1:18:01]} 17. Bh3 {[%clk 0:48:33]} Qd6 {[%clk 1:06:44]}
18. Qc2 {[%clk 0:43:22]} Bf8 {[%clk 0:58:10]} 19. Nxf7 {[%clk 0:29:59]} Kxf7
{[%clk 0:56:38]} 20. Bxe6+ {[%clk 0:30:15]} Qxe6 {[%clk 0:56:35]} 21. Rxe6
{[%clk 0:30:39]} Kxe6 {[%clk 0:56:59]} 22. Qxg6 {[%clk 0:30:27]} Ne7 {[%clk
0:55:35]} 23. Qc2 {[%clk 0:26:45]} Kf7 {[%clk 0:54:56]} 24. Qb3+ {[%clk
0:18:18]} Nfd5 {[%clk 0:54:29]} 25. Bg5 {[%clk 0:18:03]} Rd7 {[%clk 0:52:42]}
26. Re1 {[%clk 0:15:46]} Kg8 {[%clk 0:43:08]} 27. c4 {[%clk 0:11:34]} Nb6
{[%clk 0:42:42]} 28. Qe3 {[%clk 0:11:23]} Kh8 {[%clk 0:40:33]} 29. Qe6 {[%clk
0:09:21]} Rc7 {[%clk 0:24:39]} 30. Qf7 {[%clk 0:09:13]} Ned5 {[%clk 0:17:26]}
31. Qh5+ {[%clk 0:09:24]} Kg8 {[%clk 0:17:49]} 32. cxd5 {[%clk 0:09:46]} cxd5
{[%clk 0:17:56]} 33. Qg6 {[%clk 0:08:17]} Rac8 {[%clk 0:16:57]} 34. Re8 {[%clk
0:05:07]} Rxe8 {[%clk 0:15:52]} 35. Qxe8 {[%clk 0:05:31]} Rc8 {[%clk 0:16:17]}
36. Qe6+ {[%clk 0:05:12]} Kh8 {[%clk 0:16:34]} 37. h5 {[%clk 0:04:58]} Rc2
{[%clk 0:15:11]} 38. Qf7 {[%clk 0:04:54]} Rc8 {[%clk 0:15:05]} 39. Qxb7 {[%clk
0:03:23]} Ra8 {[%clk 0:15:12]} 40. a4 {[%clk 0:02:02]} 1-0

[Event "Deutsche Ländermeisterschaft 2018"]
[Site "Würzburg GER"]
[Date "2018.10.06"]
[Round "6"]
[White "Zimmer, Luca"]
[Black "Leeb, Simon"]
[Result "0-1"]
[Termination "normal"]
[Board "9.1"]
[WhiteElo "1645"]
[BlackElo "2203"]
[WhiteTeam "Saarland"]
[BlackTeam "Bayern 2"]
[PlyCount "68"]
[WhiteFideId "12921424"]
[BlackFideId "12924768"]
[EventCountry "GER"]
[EventRounds "7"]
[EventType "team-swiss"]
[EventDate "2018.10.02"]

1.e4 c5 2.d4 cxd4 3.c3 dxc3 4.Nxc3 e6 5.Bc4 Qc7 6.Qe2 Nc6 7.Nf3 Nf6 8.O-O Ng4
9.Nb5 Qb8 10.h3 Nge5 11.Bf4 d6 12.Rfd1 a6 13.Na3 Be7 14.Rac1 O-O 15.Bb3 b5
16.Nc2 Bb7 17.Ncd4 Nxf3+ 18.Nxf3 Na5 19.Rd3 Nxb3 20.Rxb3 Rc8 21.Rbc3 Rxc3
22.Rxc3 Qd8 23.Qe3 Rc8 24.Rd3 Qc7 25.Rc3 Qb8 26.Rd3 h6 27.Nd2 e5 28.Bg3 Rc2
29.Rb3 Qc7 30.Kh2 Qc6 31.f4 d5 32.fxe5 dxe4 33.Nb1 Bc5 34.Qf4 e3   0-1

[Event "Deutsche Ländermeisterschaft 2018"]
[Site "Würzburg GER"]
[Date "2018.10.06"]
[Round "6"]
[White "Weller, Uli"]
[Black "Zha, Kevin"]
[Result "1-0"]
[Termination "normal"]
[Board "9.2"]
[WhiteElo "2123"]
[BlackElo "1570"]
[WhiteTeam "Bayern 2"]
[BlackTeam "Saarland"]
[PlyCount "47"]
[WhiteFideId "12971782"]
[BlackFideId "16208951"]
[EventCountry "GER"]
[EventRounds "7"]
[EventType "team-swiss"]
[EventDate "2018.10.02"]

1.e4 g6 2.h4 d5 3.exd5 Nf6 4.Nc3 Nxd5 5.h5 Nxc3 6.bxc3 Bg7 7.Qf3 a6 8.Bc4 e6
9.Ne2 Nc6 10.d4 Bd7 11.a4 Na5 12.Bd3 Bc6 13.Qg3 Qe7 14.Ba3 Qd7 15.hxg6 O-O-O
16.gxh7 Bf8 17.Bb4 b6 18.Bxa5 bxa5 19.Bxa6+ Bb7 20.Bxb7+ Kxb7 21.Qe5 Qd5
22.Rb1+ Kc8 23.Qxh8 Qxg2 24.Rg1   1-0

[Event "Deutsche Ländermeisterschaft 2018"]
[Site "Würzburg GER"]
[Date "2018.10.06"]
[Round "6"]
[White "Jeschke, Jan"]
[Black "Köhler, Lukas"]
[Result "1/2-1/2"]
[Termination "normal"]
[Board "9.3"]
[WhiteElo "1479"]
[BlackElo "1926"]
[WhiteTeam "Saarland"]
[BlackTeam "Bayern 2"]
[PlyCount "40"]
[WhiteFideId "16225430"]
[BlackFideId "16221990"]
[EventCountry "GER"]
[EventRounds "7"]
[EventType "team-swiss"]
[EventDate "2018.10.02"]

1.e4 c5 2.d4 cxd4 3.c3 dxc3 4.Nxc3 e6 5.Nf3 Nc6 6.Bc4 Qc7 7.Qe2 a6 8.O-O Be7
9.Rd1 b5 10.Bb3 d6 11.Bf4 Ne5 12.Bxe5 dxe5 13.Rac1 Qb8 14.a4 b4 15.Nd5 exd5
16.exd5 Bd6 17.Nxe5 Ne7 18.Nc6 Qb7 19.Re1 Kf8 20.Qf3 Ng6   1/2-1/2

[Event "Deutsche Ländermeisterschaft 2018"]
[Site "Würzburg GER"]
[Date "2018.10.06"]
[Round "6"]
[White "Astner, Sebastian"]
[Black "Chassard, Cedric"]
[Result "1/2-1/2"]
[Termination "normal"]
[Board "9.4"]
[WhiteElo "1849"]
[BlackElo "1786"]
[WhiteTeam "Bayern 2"]
[BlackTeam "Saarland"]
[PlyCount "61"]
[WhiteFideId "12979422"]
[BlackFideId "16243536"]
[EventCountry "GER"]
[EventRounds "7"]
[EventType "team-swiss"]
[EventDate "2018.10.02"]

1.e4 e6 2.d4 d5 3.exd5 exd5 4.Bd3 Bd6 5.Qf3 Ne7 6.Ne2 Nbc6 7.c3 O-O 8.Bf4 Re8
9.Nd2 Bxf4 10.Qxf4 Ng6 11.Qg3 Qf6 12.O-O Bf5 13.Bb5 a6 14.Bxc6 Qxc6 15.Nf4 Nxf4
16.Qxf4 Bg6 17.Rfe1 Qd7 18.Nf3 f6 19.h3 Rad8 20.Rxe8+ Rxe8 21.Re1 Rxe1+ 22.Nxe1
Qe7 23.Nf3 h6 24.Nh4 Bb1 25.Qg3 Bc2 26.Kh2 Bb1 27.Qg4 c6 28.Nf5 Bxf5 29.Qxf5
Qe8 30.Kg1 Qe1+ 31.Kh2   1/2-1/2

[Event "Deutsche Ländermeisterschaft 2018"]
[Site "Würzburg GER"]
[Date "2018.10.06"]
[Round "6"]
[White "Müller, Maximilian"]
[Black "Klenk, Sofie"]
[Result "0-1"]
[Termination "normal"]
[Board "9.5"]
[WhiteElo "1547"]
[BlackElo "1873"]
[WhiteTeam "Saarland"]
[BlackTeam "Bayern 2"]
[PlyCount "54"]
[WhiteFideId "16243552"]
[BlackFideId "12996653"]
[EventCountry "GER"]
[EventRounds "7"]
[EventType "team-swiss"]
[EventDate "2018.10.02"]

1.e4 c5 2.d4 cxd4 3.c3 dxc3 4.Nxc3 Nc6 5.Bc4 d6 6.Nf3 a6 7.O-O Nf6 8.Bg5 Bg4
9.Be2 e6 10.Rc1 Be7 11.a3 O-O 12.Qd2 Na5 13.Qc2 Rc8 14.Rfd1 Qc7 15.Qd3 Qb8
16.Nd4 Bxe2 17.Ncxe2 Rxc1 18.Rxc1 Rc8 19.Rxc8+ Qxc8 20.Qc3 Qxc3 21.Nxc3 Nc4
22.Nd1 h6 23.Bxf6 Bxf6 24.Nb3 Nxb2 25.Nxb2 Bxb2 26.Na5 b5 27.Nb7 Bxa3   0-1

[Event "Deutsche Ländermeisterschaft 2018"]
[Site "Würzburg GER"]
[Date "2018.10.06"]
[Round "6"]
[White "Bardorz, Jana"]
[Black "Fuchs, Emily"]
[Result "1-0"]
[Termination "normal"]
[Board "9.6"]
[WhiteElo "1810"]
[BlackElo "1335"]
[WhiteTeam "Bayern 2"]
[BlackTeam "Saarland"]
[PlyCount "57"]
[WhiteFideId "16208897"]
[BlackFideId "16208986"]
[EventCountry "GER"]
[EventRounds "7"]
[EventType "team-swiss"]
[EventDate "2018.10.02"]

1.e4 e5 2.Nf3 Nc6 3.Nc3 Nf6 4.Bb5 a6 5.Bxc6 dxc6 6.Nxe5 Nxe4 7.Nxe4 Qd4 8.O-O
Qxe5 9.d4 Qf5 10.Re1 Be6 11.Ng5 O-O-O 12.Nxe6 fxe6 13.c3 e5 14.Rxe5 Qd7 15.Bg5
Re8 16.Rxe8+ Qxe8 17.Qg4+ Kb8 18.Kf1 Bd6 19.Be3 Rf8 20.Qxg7 Bxh2 21.g3 Rf7
22.Qg5 Qe4 23.Qg8+ Ka7 24.Qxf7 Qh1+ 25.Ke2 Qxa1 26.d5+ b6 27.Qxc7+ Ka8 28.Qxc6+
Kb8 29.Bf4+   1-0

[Event "Deutsche Ländermeisterschaft 2018"]
[Site "Würzburg GER"]
[Date "2018.10.06"]
[Round "6"]
[White "Huppert, Anna"]
[Black "Grunert, Wilhelm"]
[Result "1-0"]
[Termination "normal"]
[Board "9.7"]
[WhiteElo "1498"]
[BlackElo "1653"]
[WhiteTeam "Saarland"]
[BlackTeam "Bayern 2"]
[PlyCount "63"]
[WhiteFideId "16214439"]
[BlackFideId "12995673"]
[EventCountry "GER"]
[EventRounds "7"]
[EventType "team-swiss"]
[EventDate "2018.10.02"]

1.e4 c5 2.Nc3 Nc6 3.Bb5 Nd4 4.Bc4 g6 5.Nf3 Bg7 6.d3 e6 7.O-O Ne7 8.Nxd4 cxd4
9.Ne2 O-O 10.Bf4 d5 11.exd5 Nxd5 12.Bxd5 Qxd5 13.Qd2 b6 14.Ng3 Bb7 15.f3 Qb5
16.Rab1 Rac8 17.Ne4 Bxe4 18.fxe4 Qa4 19.Rfc1 Qxa2 20.Ra1 Qxb2 21.Rxa7 Rc6
22.Qf2 e5 23.Bg5 f6 24.Bd2 Rxc2 25.Rxc2 Qxc2 26.Rxg7+ Kh8 27.Rb7 Qxd3 28.Rxb6
Qxe4 29.Bh6 Qa8 30.Bxf8 f5 31.Bh6 d3 32.Qb2   1-0

[Event "Deutsche Ländermeisterschaft 2018"]
[Site "Würzburg GER"]
[Date "2018.10.06"]
[Round "6"]
[White "Alferova, Emily"]
[Black "Alhassan, Jodi"]
[Result "1-0"]
[Termination "normal"]
[Board "9.8"]
[WhiteElo "1316"]
[BlackElo "1094"]
[WhiteTeam "Bayern 2"]
[BlackTeam "Saarland"]
[PlyCount "109"]
[WhiteFideId "16265904"]
[BlackFideId "16250460"]
[EventCountry "GER"]
[EventRounds "7"]
[EventType "team-swiss"]
[EventDate "2018.10.02"]

1.e4 e5 2.Nf3 Nc6 3.Bc4 Bc5 4.c3 Nf6 5.d3 O-O 6.Nbd2 d6 7.h3 a6 8.Bb3 b5 9.a3
Bb7 10.Nf1 h6 11.Ng3 Bb6 12.O-O Ne7 13.Bc2 Ng6 14.Re1 Re8 15.Nf5 Ne7 16.N3h4
Nxf5 17.Nxf5 Bc8 18.Ng3 Be6 19.Be3 Bxe3 20.fxe3 c5 21.Kh1 Qd7 22.Kh2 Rac8 23.d4
cxd4 24.exd4 exd4 25.cxd4 Qc7 26.Rc1 Bd7 27.e5 dxe5 28.Bh7+ Kxh7 29.Rxc7 Rxc7
30.dxe5 Ng8 31.Qd6 Rec8 32.Qd3+ Kh8 33.Qd6 a5 34.Qd5 Rf8 35.Qd6 Rfc8 36.b3 Kh7
37.b4 a4 38.Ne4 Bc6 39.Nc5 Kh8 40.e6 fxe6 41.Rxe6 Kh7 42.Qd3+ Kh8 43.Qc3 Ne7
44.Rxh6+ Kg8 45.Rh5 Ng6 46.Qg3 Be8 47.Rg5 Kh7 48.Qg4 Rc6 49.h4 R8c7 50.Ne6 Bd7
51.Qh5+ Kg8 52.Nxc7 Rxc7 53.Qxg6 Bc6 54.Qd6 Rc8 55.Qe6+   1-0

[Event "Deutsche Ländermeisterschaft 2018"]
[Site "Würzburg GER"]
[Date "2018.10.06"]
[Round "6"]
[White "Wendler, David"]
[Black "Schmekel, Florian"]
[Result "0-1"]
[Termination "normal"]
[Board "10.1"]
[WhiteElo "2156"]
[BlackElo "2106"]
[WhiteTeam "Württemberg 2"]
[BlackTeam "Mecklenburg-Vorpommern"]
[PlyCount "142"]
[WhiteFideId "12938360"]
[BlackFideId "12913456"]
[EventCountry "GER"]
[EventRounds "7"]
[EventType "team-swiss"]
[EventDate "2018.10.02"]

1.e4 c5 2.Nf3 Nc6 3.c3 d5 4.exd5 Qxd5 5.d4 Nf6 6.Be3 cxd4 7.cxd4 e6 8.Nc3 Qd6
9.a3 Be7 10.Bd3 O-O 11.O-O b6 12.Qe2 Bb7 13.Rad1 Rfd8 14.Bg5 h6 15.Bh4 Nd5
16.Bxe7 Ncxe7 17.Qe4 Nf5 18.Ne5 Qe7 19.Qg4 Nf6 20.Qh3 Nxd4 21.Rfe1 Nc6 22.Ng4
Nxg4 23.Qxg4 Rd4 24.Qg3 Rad8 25.Ne2 R4d6 26.Nf4 Qg5 27.Qf3 Na5 28.Qe3 Rxd3
29.Rxd3 Rxd3 30.Qxd3 Qxf4 31.f3 Bd5 32.b4 Nc4 33.Re2 Qc1+ 34.Kf2 Qxa3 35.Qxa3
Nxa3 36.Ke3 Kf8 37.f4 Ke7 38.g4 a5 39.bxa5 bxa5 40.Kd4 a4 41.Kc3 Bb3 42.g5 hxg5
43.fxg5 g6 44.h4 Nb5+ 45.Kb4 Nd4 46.Rh2 Nc6+ 47.Kc3 Ne5 48.Rh3 Kd6 49.Kd4 Nc6+
50.Kc3 e5 51.h5 gxh5 52.Rxh5 Ne7 53.Rh1 Nd5+ 54.Kb2 Ke6 55.Rh7 Nf4 56.Rh8 Kf5
57.Re8 Ng6 58.Ka3 Kxg5 59.Rc8 f5 60.Re8 f4 61.Kb4 f3 62.Rc8 e4 63.Rc6 f2 64.Rc1
e3 65.Kc3 e2 66.Kd2 f1=Q 67.Rc5+ Kf4 68.Rc1 Qxc1+ 69.Kxc1 e1=Q+ 70.Kb2 Ne5
71.Ka3 Nc4#   0-1

[Event "Deutsche Ländermeisterschaft 2018"]
[Site "Würzburg GER"]
[Date "2018.10.06"]
[Round "6"]
[White "Fromm, Marius"]
[Black "Yi, Danny"]
[Result "1-0"]
[Termination "normal"]
[Board "10.2"]
[WhiteElo "2022"]
[BlackElo "2092"]
[WhiteTeam "Mecklenburg-Vorpommern"]
[BlackTeam "Württemberg 2"]
[PlyCount "61"]
[WhiteFideId "12993190"]
[BlackFideId "12988588"]
[EventCountry "GER"]
[EventRounds "7"]
[EventType "team-swiss"]
[EventDate "2018.10.02"]

1.Nf3 Nf6 2.c4 g6 3.Nc3 d5 4.cxd5 Nxd5 5.h4 Nf6 6.d4 Bg7 7.e4 h5 8.Bc4 O-O
9.Ne5 c5 10.Nxg6 b5 11.Nxb5 Ba6 12.a4 Nxe4 13.Nxf8 Bxd4 14.Qf3 Nf6 15.O-O e6
16.Qxa8 Bxb5 17.axb5 Ng4 18.Bf4 Qxh4 19.Qxb8 Bxf2+ 20.Rxf2 Qxf2+ 21.Kh1 Qh4+
22.Bh2 Nf2+ 23.Kg1 Nh3+ 24.gxh3 Qd4+ 25.Kg2 Qxb2+ 26.Kh1 Qxa1+ 27.Bg1 Qc3
28.Nd7+ Kh7 29.Nf8+ Kg7 30.Bf1 c4 31.Nd7   1-0

[Event "Deutsche Ländermeisterschaft 2018"]
[Site "Würzburg GER"]
[Date "2018.10.06"]
[Round "6"]
[White "Jakob, Georg"]
[Black "Troyke, Jannis"]
[Result "1-0"]
[Termination "normal"]
[Board "10.3"]
[WhiteElo "1959"]
[BlackElo "1924"]
[WhiteTeam "Württemberg 2"]
[BlackTeam "Mecklenburg-Vorpommern"]
[PlyCount "127"]
[WhiteFideId "16224221"]
[BlackFideId "12993115"]
[EventCountry "GER"]
[EventRounds "7"]
[EventType "team-swiss"]
[EventDate "2018.10.02"]

1.e4 c5 2.Nf3 d6 3.Bb5+ Bd7 4.Bxd7+ Qxd7 5.c4 Nf6 6.Nc3 Nc6 7.d4 cxd4 8.Nxd4 g6
9.f3 Bg7 10.Be3 O-O 11.O-O Rac8 12.Nde2 b6 13.Rc1 Rfd8 14.Qd2 e6 15.Rfd1 Ne7
16.b3 d5 17.cxd5 exd5 18.exd5 Nfxd5 19.Nxd5 Rxc1 20.Qxc1 Nxd5 21.Nf4 Qf5 22.Qc4
Nxe3 23.Rxd8+ Bf8 24.Qb4 Qc5 25.Qxc5 bxc5 26.Ra8 c4 27.Kf2 cxb3 28.axb3 Nc2
29.Kf1 a5 30.Ne2 Kg7 31.Rxa5 Kf6 32.Kf2 Bd6 33.f4 Ke6 34.g4 h6 35.Kf3 f5 36.h3
h5 37.gxf5+ gxf5 38.Ng3 Nd4+ 39.Ke3 Nxb3 40.Rxf5 h4 41.Rb5 Bc5+ 42.Rxc5 Nxc5
43.Ne4 Nb7 44.Ng5+ Kf5 45.Nf3 Kg6 46.Nxh4+ Kh5 47.Nf3 Nd6 48.Kd4 Nf5+ 49.Ke5
Kg6 50.Nd4 Nh4 51.Ke6 Ng2 52.f5+ Kg5 53.Nf3+ Kh6 54.f6 Nf4+ 55.Ke7 Nd5+ 56.Kf7
Nf4 57.Kg8 Nd5 58.f7 Ne7+ 59.Kf8 Ng6+ 60.Ke8 Kg7 61.Ne5 Nf8 62.Ke7 Nh7 63.Nd7
Kh6 64.Nf6   1-0

[Event "Deutsche Ländermeisterschaft 2018"]
[Site "Würzburg GER"]
[Date "2018.10.06"]
[Round "6"]
[White "Zell, Mirjam"]
[Black "Focke, Adrian"]
[Result "1-0"]
[Termination "normal"]
[Board "10.5"]
[WhiteElo "1797"]
[BlackElo "1804"]
[WhiteTeam "Württemberg 2"]
[BlackTeam "Mecklenburg-Vorpommern"]
[PlyCount "65"]
[WhiteFideId "16208544"]
[BlackFideId "12969869"]
[EventCountry "GER"]
[EventRounds "7"]
[EventType "team-swiss"]
[EventDate "2018.10.02"]

1.e4 c5 2.Nf3 e6 3.d4 cxd4 4.Nxd4 a6 5.Bd3 Nf6 6.O-O Qc7 7.Qe2 d6 8.c4 Nbd7
9.Nc3 b6 10.f4 g6 11.Kh1 Bg7 12.Be3 Bb7 13.Bg1 O-O 14.Rab1 Rac8 15.Rbc1 Rfe8
16.Nb3 Qb8 17.Nd2 Qa8 18.b4 d5 19.e5 dxc4 20.Nxc4 Nh5 21.Nd6 g5 22.Nxb7 Nxf4
23.Rxf4 gxf4 24.Nd6 Bxe5 25.Nxc8 Rxc8 26.Be4 Qa7 27.Qd2 Nf6 28.Bf3 Qe7 29.Ne2
Rd8 30.Qe1 Qd6 31.Nc3 Bd4 32.Bxd4 Qxd4 33.Rd1   1-0

[Event "Deutsche Ländermeisterschaft 2018"]
[Site "Würzburg GER"]
[Date "2018.10.06"]
[Round "6"]
[White "Tovmasyan, Minas"]
[Black "Zell, Hannah"]
[Result "1-0"]
[Termination "normal"]
[Board "10.6"]
[WhiteElo "1554"]
[BlackElo "1469"]
[WhiteTeam "Mecklenburg-Vorpommern"]
[BlackTeam "Württemberg 2"]
[PlyCount "79"]
[WhiteFideId "16247620"]
[BlackFideId "16208900"]
[EventCountry "GER"]
[EventRounds "7"]
[EventType "team-swiss"]
[EventDate "2018.10.02"]

1.d4 d5 2.c4 e6 3.Nc3 Nf6 4.Nf3 Nbd7 5.g3 c6 6.cxd5 exd5 7.Bg2 Bd6 8.O-O O-O
9.a3 b5 10.e3 Nb6 11.Qc2 Re8 12.Nd2 Bb7 13.b3 a5 14.Ne2 Qc7 15.Bb2 a4 16.b4
Nbd7 17.Rac1 Rac8 18.Rfd1 h5 19.h4 g6 20.Re1 Re7 21.e4 dxe4 22.Nxe4 Nd5 23.N2c3
N7f6 24.Nxb5 cxb5 25.Qxc7 Rcxc7 26.Nxd6 Rxe1+ 27.Rxe1 Kf8 28.Nxb5 Rc2 29.Bc1
Ba6 30.Nd6 Rc6 31.Ne4 Nxe4 32.Bxe4 Re6 33.f3 f5 34.Bh6+ Ke8 35.Bxd5 Rxe1+
36.Kf2 Re2+ 37.Kg1 Re1+ 38.Kf2 Ra1 39.Bc6+ Kf7 40.b5   1-0

[Event "Deutsche Ländermeisterschaft 2018"]
[Site "Würzburg GER"]
[Date "2018.10.06"]
[Round "6"]
[White "Wildermuth, Nikolas Karl"]
[Black "Puls, Luisa"]
[Result "1-0"]
[Termination "normal"]
[Board "10.7"]
[WhiteElo "1539"]
[BlackElo "1456"]
[WhiteTeam "Württemberg 2"]
[BlackTeam "Mecklenburg-Vorpommern"]
[PlyCount "71"]
[WhiteFideId "16244699"]
[BlackFideId "16266005"]
[EventCountry "GER"]
[EventRounds "7"]
[EventType "team-swiss"]
[EventDate "2018.10.02"]

1.d4 d5 2.Nf3 Nf6 3.e3 e6 4.Bd3 Be7 5.O-O O-O 6.b3 Nbd7 7.Nbd2 b6 8.Bb2 c5 9.c4
Bb7 10.Ne5 Qc7 11.Qc2 Rfd8 12.h3 Bd6 13.f4 h6 14.g4 dxc4 15.bxc4 Bxe5 16.fxe5
Ne8 17.Bh7+ Kf8 18.Rf2 Nb8 19.Ne4 Rd7 20.Raf1 Na6 21.a3 Rb8 22.Bg6 Ba8 23.Rxf7+
Rxf7 24.Rxf7+ Qxf7 25.Bxf7 Kxf7 26.Nd6+ Nxd6 27.exd6 Rd8 28.Qa4 Bb7 29.d7 Ke7
30.Qc2 Kf7 31.d5 Rxd7 32.dxe6+ Kxe6 33.Qf5+ Ke7 34.Bxg7 Kd8 35.Qf8+ Kc7 36.Be5+
  1-0

[Event "Deutsche Ländermeisterschaft 2018"]
[Site "Würzburg GER"]
[Date "2018.10.06"]
[Round "6"]
[White "Breß, Amy Charlize"]
[Black "Bako, Evelin"]
[Result "1-0"]
[Termination "normal"]
[Board "10.8"]
[WhiteElo "1464"]
[BlackElo "1002"]
[WhiteTeam "Mecklenburg-Vorpommern"]
[BlackTeam "Württemberg 2"]
[PlyCount "91"]
[WhiteFideId "16233786"]
[BlackFideId "16271823"]
[EventCountry "GER"]
[EventRounds "7"]
[EventType "team-swiss"]
[EventDate "2018.10.02"]

1.e4 e5 2.Nf3 Nf6 3.Nxe5 d6 4.Nf3 Nxe4 5.d4 d5 6.Bd3 Be7 7.O-O O-O 8.Re1 Bf5
9.c4 c6 10.Nc3 Nxc3 11.bxc3 Bxd3 12.Qxd3 h6 13.cxd5 cxd5 14.Qb5 b6 15.Re5 Qc7
16.Bd2 Bd6 17.Rxd5 Nd7 18.Qd3 Nf6 19.Rb5 Rfe8 20.Rbb1 Rad8 21.Re1 Ng4 22.Rxe8+
Rxe8 23.h3 Nf6 24.Re1 Rxe1+ 25.Bxe1 Qc6 26.c4 g5 27.Bd2 Ne4 28.d5 Qe8 29.Be3
Nc5 30.Qd4 Kf8 31.Qf6 Ne4 32.Qxh6+ Ke7 33.Bxg5+ Nxg5 34.Qxg5+ Kd7 35.Qf5+ Kd8
36.Qf6+ Kc7 37.Qb2 Qa4 38.Qb3 Qe8 39.Qb5 Qe4 40.Qc6+ Kd8 41.Qxd6+ Ke8 42.Qe5+
Qxe5 43.Nxe5 a5 44.d6 Kd8 45.Nxf7+ Kd7 46.h4   1-0